000 00475nam a2200193Ia 4500
005 20230601110914.0
008 131103s9999 xx 000 0 und d
020 _a330309781
040 _aLoreto College
041 _aEnglish
082 _aF
_bCOO
100 _aCook,Robin
245 _aMutation
_cRobin Cook
260 _aLondon
_bPan Books in association with Macmillan
_c1989
300 _a367 p.
650 _aFiction in English
850 _aLCLIB
942 _cBK
999 _c15704
_d66183